000 00711nam a2200217Ia 4500
003 GCL
008 140319s9999 xx 000 0 ara d
040 _aGCL /
_cGCL
082 0 4 _a348.07
_bع م
100 1 _aعبدالمنعم الشربينى
245 1 0 _aالموسوعة الشاملة لاحكام محكمة النقض /
_cعبدالمنعم الشربينى
260 _a[S.N] :
_bلجنة الاعلام والدراسات المستقبلية ،
_c1983
300 _a130 مجلد
490 _a
650 0 4 _aالقانون
650 0 4 _aمصر
650 0 4 _aالاحكام
650 0 4 _aاستئناف الاحكام
650 0 4 _aمحاكم النقض والتميز
942 _2ddc
_cBK
999 _c35334
_d35334